000 00777nas a2200253 4500
001 BR9800802
003 BR-BrBNA
005 20231205100903.0
007 ta
008 230509b bl.|||p| |||| 00| 00por d
040 _aBR-BrBNA
_bpor
_cBiblioteca Nacional de Agricultura
041 _a(Pt)
072 _aF06
100 1 _aHamada, E.
100 1 _aTestezlaf, R.
245 1 _aAnalise de crescimento da alface (Lactuca sativa L.)submetida a diferentes laminas de agua, aplicadas atraves da irrigacao
650 _aAlface
650 _aCrescimento
650 _aManejo de Agua
650 _aIrrigacao
773 0 _tEcossistema (Brazil)
_xISSN 0100-4107
_g(Oct-Dec 1996), v. 21 p. 62-65
_wBR9800802
909 _a202311
_bLúcia
_c55
_dLúcia Elande
942 _2AGRIS
_n0
_cANA
999 _c158624
_d158624